Le mois d'avril - Statistiques

Statistiques générales
  • Ce quiz a été pris 27 fois
  • Le résultat moyen est 9 sur 16
Statistiques - réponses
Questions Réponses % Correct
Célébration de la résurrection du Christ qui tombe souvent en avril comme en 2026, le 5 avril. Pâques
96%
Complétez ce dicton : "En avril, ne te _______ pas d'un fil ; en mai, fais ce qu'il te plait." Découvre
92%
Produit de ponte traditionnellement consommé à partir de la fête précédente. Signe de réjouissances après quarante jours de jeûne, il symbolise la résurrection du Christ et Sa sortie du tombeau. L'œuf
92%
Mensonge joyeux et blague habituellement commise le 1er avril. Le poisson d'avril
83%
Dimanche précédent la fête précédente (réponse #1), célébrant l'entrée du Christ à Jérusalem, acclamé par une foule agitant des palmes et déposant des manteaux sur son passage. Souvent, il a lieu en avril comme en 2025, le 13 avril mais en 2026, c'était fin mars, le 29. Le dimanche des Rameaux.
71%
Semaine destinée à commémorer la Passion du Christ qui se ponctue par la célébration en réponse #1. La Semaine sainte
67%
Excroissance qui apparaît sur la tige ou la branche d'un arbre, et qui contient en germe les tiges, branches, feuilles, fleurs ou fruits de l'arbre. Beaucoup éclosent en avril, d'où viendrait le nom du mois : 'aperire' ('ouvrir'). Le bourgeon
67%
Guerre disputée entre l'Argentine et le Royaume-Uni de Grande-Bretagne et d'Irlande du Nord en 1982. L'Argentine entretient le souvenir de ses vétérans tués au combat, le 2 avril. La Guerre des Malouines
63%
Poème de Gilbert Keith Chesterton qui fait référence à l'animal que montait Jésus Christ lors de Son entrée à Jérusalem, poème qui a donc un lien avec la célébration précédente : L'___. L'âne
63%
Course cycliste considérée comme la reine des classiques, célèbre pour ses tronçons pavés, qui se déroule généralement en avril. En 2026, ce sera le 12 avril. Paris-Roubaix
58%
Moyen de locomotion dont d'anciens modèles sont mis à l'honneur par une célébration dans les quatre coins de la France, chaque année, le dernier dimanche du mois d'avril (le 26 en 2026), pour le plus grand bonheur de collectionneurs. L'automobile
29%
Ville néerlandaise où, le 11 avril 1713, fut signé le traité qui mit fin à la Guerre de Succession d'Espagne, la dernière et plus sanglante guerre de Louis XIV, à l'issue de laquelle un Bourbon accède au trône d'Espagne. Utrecht
29%
Sport dans lequel se distingua Denis Avril. Le rugby
21%
Sainte médiévale toscane, illettrée mais qui a dicté une œuvre considérable à ses secrétaires, à qui l'on doit la citation : "Si vous êtes ce que vous devez être, vous mettrez le feu au monde entier". Elle est célébrée le 29 avril. Sainte Catherine de Sienne
17%
Guerre au cour de laquelle a lieu la bataille de Sainte-Foy le 28 avril 1760, dernier baroud d'honneur français avec le chevalier de Lévis face aux Britanniques, victoire qui n'empêcha pas la fin du Canada français et la victoire britannique finale. La Guerre de Sept ans / Guerre de la Conquête
13%
Poètesse française d'origine écossaise par son père (d'où son nom) et flamande par sa mère, partisane de la défense de l'occitan, qui utilisa l'adjectif "aprilin" dans son poème "Riez bien, les frais innocents" (1891) :
"Mieux qu'un chamaillis aprilin,
Riez bien, les belles enfances !"
Lydie Wilson
4%
Aucun quiz correspondant
Distribution des résultats
% des personnes avec chaque résultat
Percentile par nombre de réponses
Votre historique - résultats
Vous n’avez pas pris ce quiz